[Event "HUN-chT 2018-19"]
[Site "Szombathely"]
[Date "2019.04.28"]
[Round "9.29"]
[White "Polak, Tomas"]
[Black "Antal, Gergely"]
[Result "1/2-1/2"]
[WhiteElo "2504"]
[BlackElo "2546"]
[Annotator "TA"]
[PlyCount "52"]
[EventDate "2018.11.16"]
[EventType "team-tourn"]
[EventCountry "HUN"]
[SourceTitle "playchess.com"]
[Source "ChessBase"]
[SourceQuality "1"]

{[%evp 20,52,10,0,-11,0,0,-27,-17,-18,-19,-17,-19,-19,0,-10,0,0,0,0,0,0,0,0,0,0,0,0,0,0,0,0,0,0,0]} 1. d4 Nf6 2. c4 g6 3. Nc3 d5 4. cxd5 Nxd5 5. e4 Nxc3 6. bxc3 Bg7 7. Nf3 c5 8. Rb1 O-O 9. Be2 Bg4 10. Rxb7 Nc6 11. O-O Bxf3 {D85: Exchange Grünfeld: Unusual White 7th moves and lines with 7 Nf3} 12. Bxf3 {[#] e5 is the strong threat.} cxd4 13. cxd4 (13. Qa4 Qc8 14. Rb5 Ne5 15. cxd4 Nxf3+ 16. gxf3 Qh3 17. Rb3 e6 18. Rd3 Rac8 19. Bf4 {½-½ (31) Dao,T (2539)-Lin,W (2463) Qingdao 2002}) 13... Qc8 {Black has an edge.} 14. Rb5 $146 {Threatens to win with e5.The position is equal.} ({Predecessor:} 14. Rb1 Nxd4 15. Be3 {½-½ (15) Khasin,A-Hollis,A ICCF corr 1982}) 14... Nxd4 15. Rd5 Qc4 16. Bg5 Nxf3+ (16... e6 {looks sharper.} 17. Ra5 Qc3 18. Bd2 Qb2 19. Bg5 Rfc8) 17. Qxf3 Qxa2 18. Bxe7 Rfe8 19. Bd6 a5 20. e5 a4 21. g3 a3 22. Rd3 Bf8 23. Rc1 Qe6 {Hoping for ...a2.} 24. Bxa3 Rxa3 25. Rxa3 Bxa3 26. Qxa3 Qxe5 1/2-1/2

[Event "HUN-chT 2018-19"]
[Site "Szombathely"]
[Date "2019.04.28"]
[Round "9.30"]
[White "Korpa, Bence"]
[Black "Kovacs, Gabor"]
[Result "1-0"]
[WhiteElo "2505"]
[BlackElo "2454"]
[Annotator "TA"]
[PlyCount "53"]
[EventDate "2018.11.16"]
[EventType "team-tourn"]
[EventCountry "HUN"]
[SourceTitle "playchess.com"]
[Source "ChessBase"]
[SourceQuality "1"]

{[%evp 22,53,-28,-44,-20,-39,35,14,24,22,34,0,52,0,0,-18,0,13,17,26,25,16,152,133,234,118,404,414,397,295,483,447,724,724]} 1. Nf3 d5 2. g3 e6 3. Bg2 Nf6 4. d3 c5 5. O-O Nc6 6. Nbd2 Be7 7. e4 O-O 8. e5 Nd7 9. Re1 b5 10. Nf1 {[%cal Bd2f1,Bf1h2,Bh2g4,Bg4f6][%mdl 32]} Bb7 11. h4 Qc7 12. Bf4 Rfc8 {C00: French: Unusual White 2nd moves} 13. h5 {[#]} (13. Ne3 Qd8 14. Ng4 Bf8 15. Bg5 Qe8 16. c3 h6 17. Bf4 a5 18. Qd2 b4 19. c4 Ne7 20. h5 {1-0 (59) Kuzubov,Y (2699)-Grischuk,A (2772) Riadh 2017}) 13... Qd8 $146 ({Black should try} 13... h6 $15) ({Predecessor:} 13... h6 14. N1h2 Qd8 15. Ng4 a5 16. Qd2 Bf8 17. Rad1 Rc7 18. Qc1 a4 19. c4 Nd4 20. cxb5 Nxb5 {0-1 (47) Radovanovic,M (2483)-Van Foreest,J (2621) Skopje 2019}) 14. h6 $14 g6 {The position is equal.} 15. N1h2 a5 16. Ng4 b4 (16... Nd4 $11) 17. Qd2 (17. c4 $14) 17... Nd4 $11 18. Ng5 Rab8 19. c3 bxc3 20. bxc3 Nf5 21. Nf6+ Bxf6 (21... Nxf6 $11 {keeps the balance.} 22. exf6 Bd6) 22. exf6 $16 e5 (22... Qxf6 $16 {keeps fighting.} 23. Bxb8 Nxb8) 23. Rxe5 ({White must play} 23. Bxe5 $18 Nxe5 24. Rxe5) 23... Nxh6 $2 {[%mdl 8192]} (23... Nxe5 $16 24. Bxe5 Ra8) 24. Re7 $18 Nxf6 25. Rae1 Ne4 $2 (25... Bc6 {might work better.} 26. Bh3 Rb7) 26. Nxe4 {[%mdl 64] [#] Discovered Attack} ({Not} 26. dxe4 Qxe7 27. exd5 Qd8 $18) 26... Qxe7 (26... dxe4 $142 27. Rxb7 (27. Bxe4 Qxe7 28. Bxb8 Rxb8 $11) 27... Rxb7 28. Bxe4 Rb6 29. Bxh6 Rcb8) 27. Nd6 {[%mdl 64] Discovered Attack. Accuracy: White = 54%, Black = 19%.} 1-0

[Event "HUN-chT 2018-19"]
[Site "Szombathely"]
[Date "2019.04.28"]
[Round "9.31"]
[White "Petenyi, Tamas"]
[Black "Kozak, Adam"]
[Result "0-1"]
[WhiteElo "2428"]
[BlackElo "2444"]
[Annotator "TA"]
[PlyCount "58"]
[EventDate "2018.11.16"]
[EventType "team-tourn"]
[EventCountry "HUN"]
[SourceTitle "playchess.com"]
[Source "ChessBase"]
[SourceQuality "1"]

{[%evp 12,58,26,-2,36,34,43,20,189,185,193,200,163,-20,0,0,0,0,0,0,0,0,0,0,0,-189,-197,-227,-225,-265,-272,-601,-600,-582,-593,-586,-575,-722,-714,-681,-685,-1458,-1434,-2853,-2814,-29984,-29980,-29979,-29976]} 1. e4 c5 2. Nf3 d6 3. d4 cxd4 4. Nxd4 Nf6 5. Nc3 a6 6. Bg5 e6 7. Qe2 Nbd7 {B95: Sicilian Najdorf: 6 Bg5 e6, unusual White 7th moves} 8. O-O-O b5 (8... Qc7 9. f4 b5 10. a3 Be7 11. g4 h6 12. Bxf6 Bxf6 13. Bg2 Rb8 14. h4 b4 15. axb4 Rxb4 16. e5 dxe5 17. Nc6 Rxf4 {0-1 (29) Bosiocic,M (2591)-Dominguez Perez,L (2739) Doha 2016}) 9. f4 Qa5 $2 (9... Qc7 $11 {and Black is okay.}) 10. e5 $1 $18 {[%cal Re5f6]} dxe5 11. fxe5 $146 ({Predecessor:} 11. Qf3 exd4 12. Qxa8 Nb6 13. Bxb5+ Qxb5 14. Qxc8+ Nxc8 15. Nxb5 axb5 16. Rxd4 {0-1 (42) Brueggemann,J (2330)-Enders,P (2490) Germany 1993}) 11... b4 12. Ncb5 $2 (12. Qf3 $18 Ra7 13. Ncb5 (13. Bxf6 bxc3 14. Nb3 cxb2+ 15. Kb1 Qc7 $17) (13. Qc6 Rc7 $17) 13... axb5 14. exf6 Qxa2 15. Nxb5 Qa1+ 16. Kd2) 12... axb5 13. exf6 {Threatens to win with Nxe6!} Qxa2 14. Nxb5 {Black must now prevent Nc7+.} gxf6 15. Bf4 Qa1+ 16. Kd2 Qxb2 17. Qc4 {Hoping for Nc7+.} Ne5 $1 {[%cal Re5c4]} 18. Qc7 $2 (18. Nc7+ $11 {and White stays safe.} Kd8 19. Bxe5 Qxe5 20. Kc1+ Bd7 21. Nxa8 Qa1+ {[%mdl 64] Double Attack} 22. Kd2 Qxa8 23. Be2) 18... Bd7 $1 $19 {aiming for ...Rc8.} 19. Qb7 Rc8 $1 {[%cal Rc8c2]} 20. Ke1 b3 ({Weaker is} 20... Rxc2 21. Rxd7 $1 {[%mdl 512]} b3 22. Nc7+ Kxd7 23. Nb5+ Ke8 24. Qb8+ Kd7 25. Qb7+ Ke8 26. Qb8+ Kd7 27. Qb7+ $11) 21. Rxd7 $2 {[#]} (21. Be2 Bb4+ 22. c3 Bxc3+ 23. Kf2) 21... Bb4+ $1 22. c3 Bxc3+ 23. Nxc3 Qxc3+ 24. Bd2 Qa1+ 25. Kf2 O-O {And now ...b2 would win.} 26. Bd3 Qxh1 27. Bxh7+ Kxh7 28. Qxb3 Qxh2 29. Qxe6 Qh4+ {Accuracy: White = 40%, Black = 68%.} 0-1

[Event "HUN-chT 2018-19"]
[Site "Szombathely"]
[Date "2019.04.28"]
[Round "9.32"]
[White "Torma, Robert"]
[Black "Csonka, Attila Istvan"]
[Result "0-1"]
[WhiteElo "2476"]
[BlackElo "2347"]
[Annotator "TA"]
[PlyCount "72"]
[EventDate "2018.11.16"]
[EventType "team-tourn"]
[EventCountry "HUN"]
[SourceTitle "playchess.com"]
[Source "ChessBase"]
[SourceQuality "1"]

{[%evp 20,90,27,12,50,60,65,58,59,63,59,33,19,23,56,62,62,61,110,83,77,6,7,0,0,-11,-10,-37,-34,-42,-35,-41,-43,-62,-60,-88,-73,-122,-131,-129,-118,-141,-142,-153,-154,-151,-143,-154,-108,-177,-146,-212,-217,-243,-254,-221,-262,-289,-285,-600,-594,-573,-565,-583,-552,-520,-481,-478,-472,-759,-773,-670,-407]} 1. d4 Nf6 2. c4 e6 3. g3 d5 4. Nf3 Be7 5. Bg2 O-O 6. Nc3 Nbd7 7. Qd3 c6 8. O-O b6 9. b3 Ba6 10. Rd1 Rc8 11. e4 c5 {E07: Closed Catalan: Main Line (5 Nf3 0-0 6 0-0 Nbd7)} 12. exd5 exd5 13. Nb5 Bxb5 {White is slightly better.} 14. cxb5 Qc7 (14... Ne4 15. Ne5 cxd4 16. Nc6 Ndc5 17. Nxe7+ Qxe7 18. Qxd4 Ne6 19. Qe3 {½-½ (64) Shchekachev,A (2572)-Fressinet,L (2677) Le Port Marly 2019}) 15. Qf5 $146 ({Predecessor:} 15. Bg5 Rfe8 16. Rac1 Bf8 17. Bh3 Rcd8 18. Nh4 Qb7 19. Bxd7 Qxd7 20. Bxf6 gxf6 {1-0 (43) Holloway,J-Lukasova,A (2124) ICCF email 2013}) 15... g6 16. Qc2 Rfe8 17. Bb2 Ne4 18. Rac1 Bd6 19. dxc5 Bxc5 {[#]} 20. Bd4 ({Stronger than} 20. Rxd5 Ndf6 $17) (20. Nd4 $1 $16 {Strongly threatening b4!} Qb7 21. Qb1) 20... Qd6 $36 {[%mdl 2048] ...Bxd4 is the strong threat. Black has good play.} 21. Qd3 Ndf6 22. Bxc5 (22. h3 {with more complications.} h5 23. Rc2 Bxd4 24. Nxd4 h4 25. g4) 22... Rxc5 23. Nd2 Nxd2 24. Rxc5 Qxc5 25. Qxd2 Qxb5 26. Qd4 Qe2 27. Bf1 Qe5 28. Bb5 Qxd4 29. Rxd4 $17 {[%mdl 4096] Endgame KRB-KRN} Rc8 30. Rd2 Kf8 31. f3 Ke7 32. Kf2 Rc3 33. Ba6 g5 34. h3 (34. Bd3 $17) 34... h5 35. Be2 (35. Bd3 $17 {is a better defense.}) 35... Ke6 $19 36. Rd4 g4 {Played: Rc3-c2} 0-1

[Event "HUN-chT 2018-19"]
[Site "Szombathely"]
[Date "2019.04.28"]
[Round "9.33"]
[White "Ugroczky, Peter"]
[Black "Nayhebaver, Martin"]
[Result "1/2-1/2"]
[WhiteElo "2297"]
[BlackElo "2464"]
[Annotator "TA"]
[PlyCount "66"]
[EventDate "2018.11.16"]
[EventType "team-tourn"]
[EventCountry "HUN"]
[SourceTitle "playchess.com"]
[Source "ChessBase"]
[SourceQuality "1"]

{[%evp 23,66,6,14,0,50,28,31,16,33,26,28,31,29,29,37,29,39,37,37,37,27,25,47,40,39,46,39,45,34,33,48,34,56,4,56,40,65,8,8,0,66,0,8,0,113]} 1. e4 c5 2. Nf3 d6 3. d4 cxd4 4. Qxd4 Nf6 5. Nc3 Nc6 6. Bb5 Bd7 7. Bxc6 Bxc6 8. Bg5 e6 9. O-O-O Be7 10. Qd3 O-O 11. Nd4 Rc8 12. f4 a6 13. h4 {B53: Sicilian: 2...d6: Lines with Qxd4} (13. Kb1 Qc7 14. h4 Rfd8 15. f5 Bd7 16. a3 Qc4 17. Qg3 e5 18. Bxf6 Bxf6 19. Nb3 Ba4 20. Nd2 Qd4 {0-1 (36) Paichadze,L (2561)-Ter Sahakyan,S (2580) Al Ain 2014}) 13... h6 14. Bxf6 $146 ({Predecessor:} 14. Qe2 Nd7 15. Qh5 Nf6 16. Bxf6 Bxf6 17. e5 Be7 18. f5 Qa5 19. fxe6 Qxe5 {1-0 (65) Foo,Z (2233)-Shishkov,A (2368) Baku 2016}) 14... Bxf6 15. g4 {White is slightly better.} Qb6 16. g5 Bxd4 $1 17. Qxd4 Qxd4 18. Rxd4 hxg5 19. hxg5 f5 20. gxf6 Rxf6 21. Rxd6 Rcf8 22. Rg1 Rxf4 23. Rxe6 Rf1+ 24. Rxf1 Rxf1+ $14 {[%mdl 4096] Endgame KRB-KRN} 25. Kd2 Kf7 26. Re5 Kf6 27. Rh5 g5 28. Ke3 ({Better is} 28. Nd5+ $14 Kg6 29. Rh8) 28... Rc1 (28... Rg1 $11) 29. Rh2 Re1+ 30. Kf2 (30. Kd4 $14) 30... Rc1 $11 31. Ke3 ({White should try} 31. Kf3 $11) 31... Re1+ $14 32. Kf2 (32. Kd4 $14) 32... Rc1 $11 33. Ke3 Ke5 {Accuracy: White = 48%, Black = 49%.} (33... Re1+ $11 34. Kd3 g4) 1/2-1/2

[Event "HUN-chT 2018-19"]
[Site "Szombathely"]
[Date "2019.04.28"]
[Round "9.34"]
[White "Hando, Vilmos"]
[Black "Pergel, Laszlo"]
[Result "1-0"]
[WhiteElo "2382"]
[BlackElo "2248"]
[Annotator "TA"]
[PlyCount "141"]
[EventDate "2018.11.16"]
[EventType "team-tourn"]
[EventCountry "HUN"]
[SourceTitle "playchess.com"]
[Source "ChessBase"]
[SourceQuality "1"]

{[%evp 16,161,32,35,58,33,22,24,40,55,47,33,47,51,67,60,100,56,76,47,85,56,59,47,73,73,98,72,99,51,95,64,103,78,90,63,103,77,104,89,132,135,129,65,65,72,77,82,86,90,146,122,127,150,154,131,161,159,150,157,469,456,504,256,285,115,145,142,148,104,147,145,145,137,130,121,116,129,120,107,146,146,134,135,298,298,289,269,258,265,265,265,262,261,272,219,216,216,605,582,716,704,694,681,688,675,700,684,680,677,646,629,585,579,2846,2004,1157,616,11877,6821,29953,29949,6733,6729,5716,5069,29966,29968,29968,29970,29970,29971,29962,29968,29982,29983,29983,29984,29984,29984,29984,29984,29986,29987,29994,29987,29996,432]} 1. d4 Nf6 2. c4 e6 3. Nf3 d5 4. Nc3 c6 5. e3 Be7 6. b3 Nbd7 7. Bd3 O-O 8. O-O Re8 9. Bb2 Bf8 {D46: Semi-Slav: 5 e3 Nbd7 6 Bd3, Black avoids the Meran} (9... Bd6 10. Qc2 b6 11. cxd5 cxd5 12. Nb5 Bb8 13. Qc6 Ba6 14. g3 Bxb5 15. Bxb5 Bc7 16. Ne5 Nf8 17. Qc2 N8d7 18. Bc6 Rc8 19. Bb7 Nxe5 20. dxe5 Bxe5 21. Bxc8 Bxb2 22. Qxb2 Qxc8 23. Rac1 {1-0 (23) Rychagov,A (2539)-Perez Perez,G (2058) Santa Cruz de La Palma 2018}) 10. e4 dxe4 11. Nxe4 Nxe4 {White has an edge.} 12. Bxe4 g6 $146 ({Predecessor:} 12... Nf6 13. Bc2 g6 14. Ne5 Bg7 15. Qf3 Qe7 16. Nd3 Nd7 17. b4 Qg5 18. Rfe1 e5 19. dxe5 Nxe5 20. Nxe5 Rxe5 21. Bxe5 Bxe5 22. Rab1 Bg4 23. Rxe5 {1-0 (23) Gomez,G (2147)-Silva,D (1795) Sao Paulo 2015}) 13. Qe2 Bg7 14. Ne5 f6 15. Nd3 Nf8 16. Bf3 Qc7 17. Rad1 Bd7 18. g3 Rad8 19. Bg2 Bc8 20. f4 Nd7 21. Qf2 b6 22. Rd2 Bb7 23. Rfd1 Nf8 24. Qe3 Nd7 25. Bf3 Kf7 26. Nf2 Bf8 27. Qe2 Bb4 28. Rd3 Bf8 29. Qf1 (29. Re3 $16) 29... Bg7 $14 30. Qg2 Ba8 31. h4 f5 32. h5 c5 ({Black should play} 32... Kg8) 33. hxg6+ $16 hxg6 34. Bxa8 Rxa8 35. Nh3 $1 {Hoping for d5.} Bxd4+ 36. Bxd4 cxd4 37. Ng5+ Ke7 $2 (37... Kg8 $16) 38. Rxd4 $18 Rad8 39. Qd2 Nf8 40. Kh2 (40. b4 $18 {is more deadly.}) 40... Rxd4 41. Qxd4 {[%cal Rd4g7]} Rc8 42. Qg7+ $40 {[%mdl 128] White attacks with force.} Ke8 43. Qxf8+ {[%mdl 64] Remove Defender, Decoy} Kxf8 44. Nxe6+ {[%mdl 64] Double Attack} Ke7 45. Nxc7 Rxc7 $16 {[%mdl 4096] Endgame KR-KR} 46. Kh3 Ke6 47. Rd5 Rh7+ 48. Kg2 Rh8 49. a4 {[%cal Ba2a4,Ba4a5][%mdl 32]} Rg8 $2 {[#]} (49... Rh7 $16 50. a5 bxa5) 50. a5 $1 $18 Rc8 51. Rb5 Rc6 52. Kf3 bxa5 53. Rxa5 Rb6 {[#]} 54. Ra3 $1 (54. Rxa7 Rxb3+ 55. Kg2 Rc3 $14) 54... Kd6 55. Ke3 ({Weaker is} 55. Rxa7 Rxb3+ 56. Kg2 Ke6 $14) 55... Kc5 56. Kd3 a6 $2 (56... Rb7 57. Kc3 Kb6) 57. Kc3 Rf6 58. Ra5+ Kb6 59. Re5 Kb7 60. b4 Rd6 61. c5 Rd1 62. Re7+ Kc8 63. Re6 Rc1+ {[#]} 64. Kb2 $1 Rf1 65. Rxa6 Rf2+ 66. Kc1 g5 67. fxg5 Rf3 68. g6 Rxg3 69. Kc2 f4 70. Rf6 f3 {[#]} 71. Kd3 {Played: g6-g7} 1-0

[Event "HUN-chT 2018-19"]
[Site "Szombathely"]
[Date "2019.04.28"]
[Round "9.35"]
[White "Gombocz, Zsofia"]
[Black "Kun, Gabor"]
[Result "0-1"]
[WhiteElo "2000"]
[BlackElo "2340"]
[Annotator "NA"]
[PlyCount "72"]
[EventDate "2018.11.16"]
[EventType "team-tourn"]
[EventCountry "HUN"]
[SourceTitle "playchess.com"]
[Source "ChessBase"]
[SourceQuality "1"]

1. e4 e6 2. d4 d5 3. Nd2 a6 4. a4 c5 5. exd5 exd5 6. dxc5 Bxc5 7. Nb3 Be7 8. Nf3 Nf6 9. Bd3 O-O 10. O-O Nc6 11. Nbd4 Qb6 12. c3 Re8 13. Qc2 Bc5 14. Nxc6 bxc6 15. b4 Bd6 16. Be3 Qc7 17. h3 Bb7 18. Rab1 h6 19. a5 Ne4 20. c4 Qe7 21. cxd5 cxd5 22. b5 Rec8 23. Qb2 axb5 24. Bd4 Ng5 25. Nxg5 Qxg5 26. Be3 Qd8 27. Bb6 Qg5 28. Be3 Qd8 29. Bb6 Qh4 30. Bxb5 Qf4 31. g3 Qf5 32. Kh2 Bxg3+ 33. Kxg3 d4 34. f3 Qg6+ 35. Kh2 Rc2+ 36. Rf2 Qd6+ 0-1

[Event "HUN-chT 2018-19"]
[Site "Szombathely"]
[Date "2019.04.28"]
[Round "9.36"]
[White "Erdos, Boglarka"]
[Black "Joo, Gabor"]
[Result "1-0"]
[WhiteElo "2148"]
[BlackElo "2018"]
[Annotator "NA"]
[PlyCount "129"]
[EventDate "2018.11.16"]
[EventType "team-tourn"]
[EventCountry "HUN"]
[SourceTitle "playchess.com"]
[Source "ChessBase"]
[SourceQuality "1"]

1. Nf3 Nf6 2. g3 g6 3. Bg2 Bg7 4. O-O O-O 5. d4 d6 6. c4 c6 7. h3 Nbd7 8. Qc2 e5 9. Rd1 e4 10. Nh2 d5 11. cxd5 cxd5 12. Nc3 Nb6 13. a4 Be6 14. Nf1 Qd7 15. Kh2 Rac8 16. a5 Nc4 17. Nd2 Ne8 18. e3 Ned6 19. Nxc4 Rxc4 20. Qb3 Rfc8 21. Bd2 Bf8 22. Bf1 R4c7 23. Na4 Nc4 24. Be1 h5 25. Nc3 a6 26. Na4 Qb5 27. Qa2 Qe8 28. Bxc4 dxc4 29. d5 Bd7 30. Nb6 Rd8 31. Nxc4 Bb5 32. Rac1 Rdc8 33. b3 h4 34. Qe2 Qd8 35. Rd2 Bb4 36. Rd4 hxg3+ 37. fxg3 Bxe1 38. Rxe1 Rc5 39. Red1 f5 40. d6 Bxc4 41. Rxc4 Rxc4 42. bxc4 Qxa5 43. d7 Rd8 44. Rd6 Qe5 45. Rxg6+ Kf7 46. Rh6 Kg7 47. Rb6 Rxd7 48. h4 Kf8 49. Qh5 Rd2+ 50. Kh3 Rd7 51. Qg5 Rf7 52. Rg6 Ke8 53. Rg8+ Kd7 54. Qd8+ Kc6 55. c5 Kxc5 56. Qa5+ b5 57. Qa3+ Kb6 58. Ra8 Ra7 59. Rd8 a5 60. Rd6+ Kc7 61. Rg6 b4 62. Qc1+ Qc3 63. Qf1 Qxe3 64. Qc4+ Kd8 65. Qg8+ {Ke8} 1-0

[Event "HUN-chT 2018-19"]
[Site "Szombathely"]
[Date "2019.04.28"]
[Round "9.37"]
[White "Horvath, Csaba"]
[Black "Tesik, Csaba"]
[Result "1-0"]
[WhiteElo "2507"]
[BlackElo "2317"]
[Annotator "TA"]
[PlyCount "55"]
[EventDate "2018.11.16"]
[EventType "team-tourn"]
[EventCountry "HUN"]
[SourceTitle "playchess.com"]
[Source "ChessBase"]
[SourceQuality "1"]

{[%evp 13,55,15,52,58,59,58,46,49,74,73,87,83,85,73,81,80,103,102,93,81,70,77,139,147,145,140,200,198,203,197,205,220,295,297,297,291,325,322,329,329,317,315,355,358]} 1. d4 Nf6 2. Nf3 g6 3. g3 Bg7 4. Bg2 O-O 5. O-O d6 6. b3 c5 7. Bb2 Ne4 8. Qc1 {A49: 1 d4 Nf6 2 Nf3 g6 3 g3: Anti-King's Indian systems} (8. Nbd2 Nxd2 9. Qxd2 Nc6 10. c4 Bg4 11. dxc5 Bxf3 12. Bxf3 dxc5 13. Qxd8 Rfxd8 14. Bxg7 Kxg7 15. Bxc6 bxc6 16. Rfd1 a5 {½-½ (16) Wirig,A (2504)-Maze,S (2615) Brest 2018}) 8... cxd4 9. Nxd4 Nc5 10. Rd1 $146 {White is slightly better.} ({Predecessor:} 10. Nf3 e5 11. Rd1 Nc6 12. c4 a5 13. Nc3 a4 14. Nb5 axb3 15. Rxd6 {1-0 (31) Barczay,L-Velimirovic,D Havana 1971}) 10... Qb6 11. Nc3 Bd7 12. Nd5 Qd8 13. c4 Nc6 14. Nb5 a6 15. Bxg7 Kxg7 16. Qb2+ ({Much weaker is} 16. Nbc7 $6 Rc8 $11) 16... f6 17. Nbc3 Rc8 (17... a5 $142) 18. b4 $16 Ne6 {[#]} 19. c5 $1 {[%mdl 512]} Ne5 (19... dxc5 $16 20. bxc5 Qe8) 20. Nb6 $18 Rb8 21. Nxd7 Qxd7 22. Bh3 b5 23. cxb6 Rxb6 24. Nd5 Rbb8 25. Nf4 f5 26. Nxe6+ Qxe6 27. f4 {[%mdl 64] [#] Pin} Qc4 28. a3 {Accuracy: White = 98%, Black = 29%.} ({Not} 28. fxe5 Rxb4 29. Qa3 Ra4 $18) 1-0

[Event "HUN-chT 2018-19"]
[Site "Szombathely"]
[Date "2019.04.28"]
[Round "9.38"]
[White "Nagy, Daniel"]
[Black "Horvath, Jozsef"]
[Result "1-0"]
[WhiteElo "2353"]
[BlackElo "2494"]
[Annotator "TA"]
[PlyCount "73"]
[EventDate "2018.11.16"]
[EventType "team-tourn"]
[EventCountry "HUN"]
[SourceTitle "playchess.com"]
[Source "ChessBase"]
[SourceQuality "1"]

{[%evp 22,73,13,18,52,32,53,36,53,16,6,4,34,37,79,74,73,75,83,40,42,7,100,0,0,0,25,21,16,21,43,24,21,39,23,0,150,0,135,143,146,89,85,0,617,607,1862,1334,29986,29987,29991,29988,29985,29986]} 1. d4 e6 2. c4 Nf6 3. Nf3 b6 4. g3 Bb4+ 5. Bd2 Be7 6. Bg2 c6 7. O-O d5 8. Qc2 O-O 9. Bf4 Bb7 10. Rd1 Nbd7 11. Ne5 Rc8 12. Nc3 b5 {E08: Closed Catalan: Main Line: 7 Qc2} 13. c5 Nxe5 14. Bxe5 Nd7 {[#] White is slightly better.} 15. b4 $146 ({Predecessor:} 15. Bf4 g5 16. Be3 f5 17. b4 Qe8 18. a4 a6 19. axb5 cxb5 20. Qb3 {1-0 (38) Markus,R (2660)-Schuh,D (2357) Germany 2017}) 15... a5 16. a3 g5 17. e4 f5 18. exf5 exf5 19. f4 Rf7 20. Bf1 Ra8 21. Bd3 Qf8 (21... Nxe5 $11 {remains equal.} 22. dxe5 (22. fxe5 Bc8 $11) 22... gxf4) 22. Rf1 (22. Ne2 $16) 22... Nxe5 $11 23. dxe5 axb4 24. axb4 Rxa1 $1 25. Rxa1 gxf4 26. gxf4 Bxc5+ $1 27. bxc5 Qxc5+ 28. Kh1 Rg7 (28... d4 $1 $11 29. Bxf5 Qxc3 30. Rg1+ Rg7) 29. Ne2 ({White must play} 29. Ne4 $1 $16 {[%cal Re4f6] White wants to mate with Nf6+.} Qe3 30. Ng3) 29... Qe3 {[#]} (29... Qxc2 $1 $11 30. Bxc2 c5) 30. Ng3 $1 $16 c5 {Threatens to win with ...d4+.} 31. Bf1 (31. Bxf5 $142 {Bh3 is the strong threat.} Qxf4 32. Be6+ Kh8 33. Qa2 Qf3+ 34. Qg2) 31... Qxf4 {[#]} 32. Re1 ({White should try} 32. Qe2 $1 $16 {And now e6 would win.} Qd4 33. e6 Rxg3 34. hxg3 Qxa1 35. e7) 32... d4+ $2 {[%mdl 8192]} (32... Qh4 $11 33. Qxc5 Rxg3) 33. Bg2 $18 {Strongly threatening Bxb7.} c4 {...d3 would now be nice for Black.} 34. Bxb7 Rxb7 35. Qg2 {White mates.} Rb6 36. Qa8+ Kf7 37. Qa7+ {[%mdl 64] Double Attack. Accuracy: White = 53%, Black = 35%.} 1-0

[Event "HUN-chT 2018-19"]
[Site "Szombathely"]
[Date "2019.04.28"]
[Round "9.39"]
[White "Hujbert, Florian"]
[Black "Csizmadia, Laszlo"]
[Result "1-0"]
[WhiteElo "2425"]
[BlackElo "2382"]
[Annotator "TA"]
[PlyCount "81"]
[EventDate "2018.11.16"]
[EventType "team-tourn"]
[EventCountry "HUN"]
[SourceTitle "playchess.com"]
[Source "ChessBase"]
[SourceQuality "1"]

{[%evp 11,81,14,12,-4,-2,-22,0,0,19,19,20,18,61,57,97,59,103,61,105,103,141,129,155,135,176,169,168,170,225,198,271,293,295,213,190,128,128,127,179,127,127,129,174,150,175,175,182,175,183,163,163,160,210,197,194,192,165,157,345,344,337,327,320,304,441,441,447,456,456,457,913,865]} 1. e4 e6 2. d4 d5 3. Nd2 Nf6 4. e5 Nfd7 5. f4 c5 6. Ngf3 Nc6 7. Nb3 {C05: French Tarrasch: 3...Nf6 4 e5 Nfd7, 5 f4 and 5 Bd3 sidelines} c4 8. Nbd2 {[%cal Bb3d2,Bd2f1,Bf1e3][%mdl 32]} b5 (8... Qa5 9. c3 b5 10. Be2 b4 11. Nb1 Nb6 12. O-O Bd7 13. Kh1 Be7 14. Bd2 Rb8 15. cxb4 Nxb4 {1-0 (37) Mamedov,R (2659)-Wang,H (2729) Dubai 2014}) 9. Be2 {The position is equal.} g6 10. Nf1 h5 11. Ne3 Ne7 12. O-O Nf5 $146 ({Predecessor:} 12... Qb6 13. a4 b4 14. Bxc4 Ba6 15. Bxa6 Qxa6 {1-0 (63) Groetzbach,J (2169)-Vogel,J (2239) Hoogeveen 2014}) 13. b3 Nb6 14. Qe1 a5 15. Nxf5 exf5 {[#]} 16. Bd2 $1 a4 17. Ba5 axb3 18. axb3 (18. cxb3 Bd7 $16) 18... Ra6 19. Qd2 Bd7 (19... Be7 {keeps fighting.} 20. Bb4 O-O) 20. Bb4 $18 Qa8 (20... Rxa1 $142 21. Rxa1 Nc8) 21. Rxa6 Qxa6 22. Qc3 Nc8 23. Bxf8 (23. Bc5 $18) 23... Kxf8 $16 24. Ra1 Qb6 (24... Qb7 $16 25. Qb4+ (25. bxc4 bxc4 26. Ra5 Kg7 $16) 25... Kg7 26. bxc4 dxc4) 25. Qb4+ ({Don't take} 25. bxc4 $6 bxc4 26. Ra5 Bc6 $16) ({Better is} 25. Qa5 $18) 25... Kg7 26. Qc5 Rd8 27. Kf2 ({Resist} 27. Qxd5 $6 Bc6 $14) 27... Bc6 28. Qxb6 Nxb6 29. Ra6 $36 {[%mdl 2048] White is really pushing.} Rb8 30. Ke3 Bd7 31. Ra7 Kg8 32. Kd2 b4 33. g3 Kf8 34. Rc7 Rc8 $2 {[#]} (34... Be6 $16 35. Ng5 cxb3 36. cxb3 Nc8 37. Nh7+ Ke8 38. Nf6+ Kd8) 35. Rb7 $18 Rc6 36. bxc4 Bc8 37. cxd5 Rxc2+ (37... Bxb7 {was worth a try.} 38. dxc6 Bxc6) 38. Kxc2 {White is clearly winning.} Bxb7 39. d6 Bd5 40. Nd2 Na4 (40... Ke8 $142 41. Bb5+ Kf8) 41. Bc4 {Accuracy: White = 88%, Black = 35%.} 1-0

[Event "HUN-chT 2018-19"]
[Site "Szombathely"]
[Date "2019.04.28"]
[Round "9.40"]
[White "Szajbely, Zsigmond"]
[Black "Seres, Lajos"]
[Result "1/2-1/2"]
[WhiteElo "2292"]
[BlackElo "2425"]
[Annotator "TA"]
[PlyCount "23"]
[EventDate "2018.11.16"]
[EventType "team-tourn"]
[EventCountry "HUN"]
[SourceTitle "playchess.com"]
[Source "ChessBase"]
[SourceQuality "1"]

{[%evp 22,23,62,58]} 1. e4 c5 2. Nf3 Nc6 $146 ({Predecessor:} 2... g6 3. d4 cxd4 4. Nxd4 Bg7 5. c4 {½-½ (12) Groszpeter,A (2490)-Varga,Z (2450) Kecskemet 2011}) 3. d4 cxd4 4. Nxd4 g6 5. c4 Bg7 6. Be3 Nf6 7. Nc3 Ng4 8. Qxg4 Nxd4 9. Qd1 e5 10. Bd3 O-O 11. O-O d6 12. Rc1 1/2-1/2